01020nam a2200217 a 450000100100000000500170001000800410002702000150006804000250008310000390010824501310014726001070027830000210038549000780040650000420048450400320052670000360055883000850059495201060067999900170078500003744020200930080355.0120418s1984 sp 000 0 spa d a8400058313 aDO-SdBNPbspacBNPHU1 aEnríquez, Emilia Victoria96388913aEl pronombre personal sujeto en la lengua española hablada en Madrid /cVictoria Emilia Victoria ; prólogo Antonio Quilis. aMadrid :bConsejo Superior de Investigaciones Científicas :bInstituto "Miguel de Cervantes",c1984. a395 p. ;c23 cm.1 aLa norma linguística culta de la lengua española hablada en Madridv4 aIncluye notas al pie de las páginas aBibliografía : p. 385-3951 aQuilis, Antonioepról.928481 0aLa norma linguística culta de la lengua española hablada en Madridv4963890 0010507-18MOaGRbGRcOId2012-04-18iLF1l0o p37440-10r2020-06-25w2020-06-25y1ZNo se presta c36930d36930